El fantasma / (Registro nro. 3282)

Detalles MARC
000 -LEADER
fixed length control field 01433nam a2200193 a 4500
008 - CAMPO DE CONTROL (LIBRO)
fixed length control field 180528e1999 sp ||||g |||| 00| f spa d
020 ## - INTERNATIONAL STANDARD BOOK NUMBER
ISBN 8401012317
041 ## - CODIGO DE IDIOMA
Código de idioma del texto/pista de sonido o título separado spa
092 ## - SIGNATURA TOPOGRAFICA DEWEY LOCAL
número de clasificación 808
libristica 81
sección STE
100 1# - ENTRADA PRINCIPAL--NOMBRE PERSONAL
Nombre personal Steel, Danielle
9 (RLIN) 3936
245 #3 - TITULO PROPIAMENTE DICHO
Título El fantasma /
Mención de responsabilidad y remanente de la transcripción de la portada Danielle Steel
250 ## - MENCION DE EDICION
Mención de edición 1a ed.
Mención de responsabilidad relacionada con la ed. Traducción Matuca Fernández de Villavicencio
260 ## - PIE DE IMPRENTA
Lugar de publicación, distribución, etc Barcelona:
Nombre de la editorial, distribuidor, etc Plaza & Janes;
Fecha de publicación 1999.
300 ## - DESCRIPCION FISICA
Extension 285 p.
500 ## - NOTA GENERAL
Nota general Steel, D. (1999). El fantasma. (1a ed.). Barcelona : Plaza & Janes.
505 ## - NOTA DE CONTENIDO
Nota de contenido formateada En El Fantasma Danielle Steel nos ofrece una nueva historia tan conmovedora como apasionante. La vida de Charles, un prestigioso arquitecto, se desmorona por completo cuando su esposa, de la que está perdidamente enamorado, le abandona por otro hombre. Desesperado, abandona Londres y vuelve a Nueva York. Pero tampoco allí le van bien las cosas y decide pasar una temporada en un pequeño pueblo de Vermont para poner en orden su existencia. Sin embargo, no imagina que una ejemplarizante historia de amor, ocurrida muchos años atrás en una peculiar mansión, le permitirá reorganizar su vida dándole un sentido que ya creía perdido para siempre... El fantasma es una de las mejores novelas de Danielle Steel, la autora más leída del mundo, y su trama romántica, agridulce y a su vez esperanzadora hace las delicias del lector hasta la última página.
655 ## - MATERIA - GENERO/FORMA
Género/Forma Literatura
-- 2917
942 ## - ADDED ENTRY ELEMENTS (KOHA)
Source of classification or shelving scheme Dewey Decimal Classification
Item type LITERATURA
Existencias
Estado de retiro Existencia Fuente de clasificación Estado general No para prestamo Ubicación permanente ubicación actual Sala de ubicación Fecha de adquisición Fuente de adquisición Total Checkouts Número de clasificación Código de barras Date last seen Número de ejemplar Price effective from Koha tipo de elemento (item) Public note Coded location qualifier
    Dewey Decimal Classification     Biblioteca Medicina Biblioteca Medicina Circulación 24/07/2025 Donación Navarro, Adriana. Julio 2025   808 81 STE 5057 24/07/2025 Ej. 1 24/07/2025 LITERATURA Donación Navarro, Adriana. Julio 2025. Sede Tordos.  

UNIVERSIDAD NACIONAL DEL COMAHUE
Biblioteca de la Facultad de Ciencias Médicas
Sede Toschi: Los Arrayanes y Av. Toschi, Cipolletti  - Rio Negro
Sede Los Tordos:  Yrigoyen al 2211, Cipolletti - Rio Negro 

Teléfono: 0299 - 4774707 int 25
Contacto: biblioteca@facimed.uncoma.edu.ar
© 2011 - 2026